| 000 | 00760nam a22001937a 4500 | ||
|---|---|---|---|
| 005 | 20100818154417.0 | ||
| 010 | _aENG-100867 | ||
| 020 |
_a817735454X _c45.00 |
||
| 035 | _aEN-84400 | ||
| 037 | _bDBAD/PUB | ||
| 082 | _a362.57094811 | ||
| 100 |
_aM Senthil Kumar _914978 |
||
| 245 |
_aPoverty alleviation programme with special reference to Trysem in Perambalur district Tamilnadu / _cby M Senthil Kumar |
||
| 260 |
_aChennai _bPavai Publications _c2008 |
||
| 270 |
_a16 jani Jan Khan Road Royapettah _bChennai _e600014 |
||
| 300 |
_avi,86p _c19cm(pbk) |
||
| 942 |
_2ddc _cEN _h362.57094811 _mMSE |
||
| 999 |
_c42483 _d42483 |
||